| 000 | 00553nam a2200193 a 4500 | ||
|---|---|---|---|
| 001 | 000028926 | ||
| 003 | DO-SdBNP | ||
| 005 | 20220923114717.0 | ||
| 007 | ta | ||
| 008 | 110412s1908 dr 000 0 spa d | ||
| 040 |
_aDO-SdBNP _bspa _cBNPHU |
||
| 082 |
_axxx _bC766e |
||
| 245 | 0 | 0 |
_aLa República Dominicana y la Morton Trust Company. : _bconvenio de la agencia fiscal, celebrado en enero 27 de 1908 / |
| 260 |
_aSanto Domingo _f[s.n] _c1908. |
||
| 300 |
_a25 p. ; _c26 cm. |
||
| 590 | _aInventariado, 2022/ DG | ||
| 910 | _aDG | ||
| 942 |
_2ddc _cLF2 |
||
| 999 |
_c52456 _d52456 |
||